| 000 | 01286nam a2200325Ia 4500 | ||
|---|---|---|---|
| 001 | ebr10285221 | ||
| 003 | CaPaEBR | ||
| 006 | m u | ||
| 007 | cr cn||||||||| | ||
| 008 | 000329s2000 enk sb 001 0 eng d | ||
| 020 | _z9780761959250 | ||
| 020 | _z0761959262 (pbk.) | ||
| 020 | _z0761959254 | ||
| 040 |
_aCaPaEBR _cCaPaEBR |
||
| 035 | _a(OCoLC)637076191 | ||
| 050 | 1 | 4 |
_aHM24 _b.U53 2000eb |
| 245 | 0 | 0 |
_aUnderstanding contemporary society _h[electronic resource] : _btheories of the present / _cedited by Gary Browning, Abigail Halcli and Frank Webster. |
| 260 |
_aLondon ; _aThousand Oaks, Calif. : _bSage Publications, _c2000. |
||
| 300 | _axvii, 502 p. | ||
| 504 | _aIncludes bibliographical references and index. | ||
| 533 |
_aElectronic reproduction. _bPalo Alto, Calif. : _cebrary, _d2009. _nAvailable via World Wide Web. _nAccess may be limited to ebrary affiliated libraries. |
||
| 650 | 0 |
_aSociology _xPhilosophy. |
|
| 650 | 0 |
_aSocial sciences _xPhilosophy. |
|
| 655 | 7 |
_aElectronic books. _2local |
|
| 700 | 1 | _aBrowning, Gary K. | |
| 700 | 1 | _aHalcli, Abigail. | |
| 700 | 1 | _aWebster, Frank. | |
| 710 | 2 | _aebrary, Inc. | |
| 856 | 4 | 0 |
_uhttp://site.ebrary.com/lib/rucke/Doc?id=10285221 _zAn electronic book accessible through the World Wide Web; click to view |
| 999 |
_c1872 _d1872 |
||